Coloreando a Ana y Emilio / (Registro nro. 44575)
[ vista simple ]
| 000 -CABECERA | |
|---|---|
| campo de control de longitud fija | 00747nam a2200205 a 4500 |
| 001 - NÚMERO DE CONTROL | |
| campo de control | 000045086 |
| 005 - FECHA Y HORA DE LA ÚLTIMA TRANSACCIÓN | |
| campo de control | 20240409073826.0 |
| 008 - DATOS DE LONGITUD FIJA--INFORMACIÓN GENERAL | |
| campo de control de longitud fija | 150202s2006 dr a 000 0 spa d |
| 020 ## - NÚMERO INTERNACIONAL ESTÁNDAR DEL LIBRO | |
| Número Internacional Estándar del Libro | 9945859803 |
| 040 ## - FUENTE DE LA CATALOGACIÓN | |
| Centro catalogador/agencia de origen | DO-SdBNP |
| Lengua de catalogación | spa |
| Centro/agencia transcriptor | BNPHU |
| 082 ## - NÚMERO DE LA CLASIFICACIÓN DECIMAL DEWEY | |
| Número de clasificación | RD863. 5 |
| Número de documento/Ítem | G934aco |
| 100 1# - ENTRADA PRINCIPAL--NOMBRE DE PERSONA | |
| Nombre de persona | Guerrero, Celio, |
| Fechas asociadas al nombre | 1951- |
| 9 (RLIN) | 21066 |
| 245 10 - MENCIÓN DE TÍTULO | |
| Título | Coloreando a Ana y Emilio / |
| Mención de responsabilidad, etc. | Celio Guerrero. |
| 260 ## - PUBLICACIÓN, DISTRIBUCIÓN, ETC. | |
| Lugar de publicación, distribución, etc. | Santo Domingo : |
| Nombre del editor, distribuidor, etc. | Guerreo & Vásquez Editores, |
| Fecha de publicación, distribución, etc. | 2006. |
| 300 ## - DESCRIPCIÓN FÍSICA | |
| Extensión | 56 p. : |
| Otras características físicas | il. ; |
| Dimensiones | 28 cm. |
| 500 ## - NOTA GENERAL | |
| Nota general | L a biblioteca posee tres ejemplares autográfiados por el autor |
| 500 ## - NOTA GENERAL | |
| Nota general | Incluye datos biográficos del autor en la contracubierta |
| 650 #0 - PUNTO DE ACCESO ADICIONAL DE MATERIA--TÉRMINO DE MATERIA | |
| Término de materia o nombre geográfico como elemento de entrada | Cuentos infantiles dominicanos |
| 9 (RLIN) | 505 |
| 650 #4 - PUNTO DE ACCESO ADICIONAL DE MATERIA--TÉRMINO DE MATERIA | |
| Término de materia o nombre geográfico como elemento de entrada | Inteligencia emocional |
| Subdivisión general | Literatura infantil |
| 9 (RLIN) | 73103 |
| Estado de retiro | Estado de pérdida | No para préstamo | Código de colección | Localización permanente | Ubicación/localización actual | Ubicación en estantería | Fecha de adquisición | Número de inventario | Total de préstamos | Signatura topográfica completa | Código de barras | Fecha visto por última vez | Precio válido a partir de | Tipo de ítem Koha | Número de copia |
|---|---|---|---|---|---|---|---|---|---|---|---|---|---|---|---|
| Excluido de préstamo | Infantojuvenil Patrimonio Dominicano | Patrimonio Dominicano | Biblioteca Nacional Pedro Henríquez Ureña | Depósito | 02.02.2015 | LF1 | RD863. 5 G934aco | 45086-10 | 25.06.2020 | 25.06.2020 | No se presta | ||||
| Excluido de préstamo | Infantojuvenil Patrimonio Dominicano | Patrimonio Dominicano | Biblioteca Nacional Pedro Henríquez Ureña | Depósito | 02.02.2015 | LF1 | RD863. 5 G934aco | 45086-20 | 25.06.2020 | 25.06.2020 | No se presta | e. 2 |
